System Of A Down - The Quiz - Statistics

General Stats
  • This quiz has been taken 250 times
  • The average score is 21 of 30
Answer Stats
Hint Answer % Correct
Studio albums Toxicity
95%
Chinese cuisine dish Chop Suey!
90%
Band Members Serj Tankian
90%
Asian country all the members are from Armenia
89%
Studio albums Hypnotize
86%
Studio albums Steal This Album!
86%
Studio albums System of a Down
86%
Glucose Sugar
83%
Year the band went on hiatus 2006
82%
4 letters for a big party in the desert B.Y.O.B.
81%
US State the band is from California
81%
Complete the lyrics Why do they always send the {poor}?
80%
Studio albums Mezmerize
79%
Band Members Daron Malakian
77%
8-legged critters Spiders
75%
The most solitary 24 hours in my life Lonely Day
74%
Atmospherics Aerials
66%
Complete the lyrics Hide your scars to fade away the {shakeup}
66%
Complete the lyrics The {Kombucha} mushroom people
65%
Save the territory Protect the Land
63%
Band Members John Dolmayan
62%
Interrogation! Question!
62%
Complete the lyrics {Pepperoni} and green peppers, mushrooms, olive, chives
61%
Complete the lyrics You should've never gone to {Hollywood}
60%
Band Members Shavo Odadjian
59%
Complete the lyrics When you lose small mind, you free your {life}
56%
Complete the lyrics Utilizing {drugs} to pay for secret wars around the world
54%
Complete the lyrics Why don't you ask the kids at {Tiananmen} {Square}?
53%
Name of the band that became System Of a Down Soil
35%
The band raised funds to helpthe victims of this 2020 war Second Nagorno-Karabakh War
28%
No matching quizzes found
Score Distribution
Percent of People with Each Score
Percentile by Number Answered
Your Score History
You have not taken this quiz